Piracy in the Indian film industry : copyright and cultural consonance
Bewaard in:
| Hoofdauteur: | |
|---|---|
| Formaat: | Boek |
| Taal: | Engels |
| Gepubliceerd in: |
Cambridge University Press
2014
|
| Tags: |
Voeg label toe
Geen labels, Wees de eerste die dit record labelt!
|
MARC
| LEADER | 00000nam a22000007a 4500 | ||
|---|---|---|---|
| 008 | 240528b |||||||| |||| 00| 0 eng d | ||
| 020 | |a 9781107065437 | ||
| 100 | |a SCARIA, Ariel George | ||
| 245 | |a Piracy in the Indian film industry |b : copyright and cultural consonance |g xiv, 324p | ||
| 260 | |b Cambridge University Press |c 2014 |h New Delhi |i 700091 |i 700092 |l KN1120.Sc1 |m Copyright--Motion pictures--India--Criminal provisions. |m Piracy (Copyright)--India. | ||
| 942 | |a lcc |c BK |e Johnson |f 28/05/24 | ||
| 952 | |0 0 |1 0 |2 lcc |4 0 |6 KN1120 S C1 |7 0 |9 5181 |a LL |b HOL |c GJ |d 2024-05-28 |l 0 |o KN1120.Sc1 |p 2024-0427 |r 2024-05-28 00:00:00 |t 700071 |w 2024-05-28 |y BK | ||
| 952 | |0 0 |1 0 |2 lcc |4 0 |6 KN1120 S C1 |7 0 |9 5182 |a HOL |b HOL |c GJ |d 2024-05-28 |l 0 |o KN1120.Sc1 |p 2024-0428 |r 2024-05-28 00:00:00 |t 700072 |w 2024-05-28 |y BK | ||
| 999 | |c 2573 |d 2573 | ||